Taxifahrer Dr. phil.: Akademiker in der Grauzone des Arbeitsmarktes
| 1. VerfasserIn: | |
|---|---|
| Medienart: | Druck Buch |
| Sprache: | Deutsch |
| Veröffentlicht: |
Opladen
Leske + Budrich
1987
|
| In: |
Biographie und Gesellschaft (Band 2)
Jahr: 1987 |
| Online-Zugang: |
Cover Cover |
| Verfügbarkeit prüfen: | HBZ Gateway |
| Subito Bestelldienst: | Jetzt bestellen. |
| Schlagwörter: |
MARC
| LEADER | 00000cam a2200000 c 4500 | ||
|---|---|---|---|
| 001 | 024900028 | ||
| 003 | DE-627 | ||
| 005 | 20260206194058.0 | ||
| 007 | tu | ||
| 008 | 870729s1987 gw ||||| m 00| ||ger c | ||
| 015 | |a 87,H10,0188 |2 dnb | ||
| 016 | 7 | |a 870669877 |2 DE-101 | |
| 020 | |a 3810006092 |9 3-8100-0609-2 | ||
| 020 | |z 381006092 | ||
| 035 | |a (DE-627)024900028 | ||
| 035 | |a (DE-603)00915292X | ||
| 035 | |a (DE-576)012748463 | ||
| 035 | |a (DE-599)GBV024900028 | ||
| 035 | |a (OCoLC)915970282 | ||
| 035 | |a (OCoLC)17874066 | ||
| 035 | |a (DE-H357)his3953 | ||
| 035 | |a (DE-Rt5)0820925 | ||
| 040 | |a DE-627 |b ger |c DE-627 |e rakwb | ||
| 041 | |a ger | ||
| 044 | |c XA-DE | ||
| 084 | |a 18 |2 sdnb | ||
| 084 | |a 18 |a 22 |2 sdnb | ||
| 084 | |a QV 220 |2 rvk |0 (DE-625)rvk/142141: | ||
| 084 | |a MS 5300 |2 rvk |0 (DE-625)rvk/123723: | ||
| 084 | |a MS 2600 |2 rvk |0 (DE-625)rvk/123641: | ||
| 084 | |a QV 226 |2 rvk |0 (DE-625)rvk/142144: | ||
| 084 | |a MS 5350 |2 rvk |0 (DE-625)rvk/123724: | ||
| 084 | |a 81.24 |2 bkl | ||
| 100 | 1 | |a Schlegelmilch, Cordia |d 1952- |0 (DE-588)1057284548 |0 (DE-627)795799284 |0 (DE-576)413576043 |4 aut | |
| 109 | |a Schlegelmilch, Cordia 1952- | ||
| 245 | 1 | 0 | |a Taxifahrer Dr. phil. |b Akademiker in der Grauzone des Arbeitsmarktes |c Cordia Schlegelmilch |
| 246 | 3 | 0 | |a Doktor |
| 246 | 3 | 3 | |a Arbeitsorientierungen und Lebensperspektiven von Hochschulabsolventen in der Grauzone des Arbeitsmarkts |
| 264 | 1 | |a Opladen |b Leske + Budrich |c 1987 | |
| 300 | |a X, 314 Seiten |b graph. Darst. |c 21 cm | ||
| 336 | |a Text |b txt |2 rdacontent | ||
| 337 | |a ohne Hilfsmittel zu benutzen |b n |2 rdamedia | ||
| 338 | |a Band |b nc |2 rdacarrier | ||
| 490 | 1 | |a Biographie und Gesellschaft |v Band 2 | |
| 500 | |a Literaturverz. S. 230 - 246 | ||
| 502 | |a Zugl.: Berlin, Freie Univ., Diss., 1985 u.d.T.: Schlegelmilch, Cordia: Arbeitsorientierungen und Lebensperspektiven von Hochschulabsolventen in der Grauzone des Arbeitsmarkts | ||
| 583 | 1 | |a Massenentsäuert |c 2017 |k DE-18 |2 pdager |5 DE-18-308 | |
| 650 | 7 | |8 1.1\x |a Hochqualifizierte Arbeitskräfte |0 (DE-627)091366038 |0 (DE-2867)11274-1 |2 stw | |
| 650 | 7 | |8 1.2\x |a Arbeitsmarkt |0 (DE-627)091347572 |0 (DE-2867)11183-4 |2 stw | |
| 650 | 7 | |8 1.3\x |a Studium |0 (DE-627)091393345 |0 (DE-2867)11379-1 |2 stw | |
| 650 | 7 | |8 1.4\x |a Deutschland |0 (DE-627)091354749 |0 (DE-2867)18012-3 |2 stw | |
| 650 | 0 | 7 | |0 (DE-588)4000881-2 |0 (DE-627)106399497 |0 (DE-576)208840079 |a Akademiker |2 gnd |
| 650 | 0 | 7 | |0 (DE-588)4124264-6 |0 (DE-627)105749001 |0 (DE-576)209566671 |a Studienmotivation |2 gnd |
| 650 | 0 | 7 | |0 (DE-588)4005963-7 |0 (DE-627)106379046 |0 (DE-576)20886377X |a Berufswechsel |2 gnd |
| 650 | 0 | 7 | |0 (DE-588)4002733-8 |0 (DE-627)106392174 |0 (DE-576)208848509 |a Arbeitsmarkt |2 gnd |
| 650 | 4 | |a Biografie | |
| 650 | 4 | |a Berufsverlauf | |
| 650 | 4 | |a Arbeitsmarkt | |
| 650 | 4 | |a Wissenschaftler | |
| 651 | 7 | |0 (DE-588)4011889-7 |0 (DE-627)104732423 |0 (DE-576)208896201 |a Deutschland |g Bundesrepublik |2 gnd | |
| 655 | 4 | |0 (DE-206)3 |a Bibliographie enthalten |5 DE-206 | |
| 655 | 7 | |a Hochschulschrift |0 (DE-588)4113937-9 |0 (DE-627)105825778 |0 (DE-576)209480580 |2 gnd-content | |
| 689 | 0 | 0 | |d g |0 (DE-588)4011889-7 |0 (DE-627)104732423 |0 (DE-576)208896201 |a Deutschland |g Bundesrepublik |2 gnd |
| 689 | 0 | 1 | |d s |0 (DE-588)4000881-2 |0 (DE-627)106399497 |0 (DE-576)208840079 |a Akademiker |2 gnd |
| 689 | 0 | 2 | |d s |0 (DE-588)4124264-6 |0 (DE-627)105749001 |0 (DE-576)209566671 |a Studienmotivation |2 gnd |
| 689 | 0 | 3 | |d s |0 (DE-588)4005963-7 |0 (DE-627)106379046 |0 (DE-576)20886377X |a Berufswechsel |2 gnd |
| 689 | 0 | 4 | |d s |0 (DE-588)4002733-8 |0 (DE-627)106392174 |0 (DE-576)208848509 |a Arbeitsmarkt |2 gnd |
| 689 | 0 | |5 DE-101 | |
| 751 | |a Berlin, West |0 (DE-588)4069304-1 |0 (DE-627)104704616 |0 (DE-576)209176296 |4 uvp | ||
| 830 | 0 | |a Biographie und Gesellschaft |v Band 2 |9 2 |w (DE-627)130968331 |w (DE-576)012446807 |w (DE-600)1069493-6 |7 am | |
| 856 | 4 | 2 | |u https://swbplus.bsz-bw.de/bsz012748463cov.jpg |m V:DE-576 |m X:springer |q image/jpeg |v 20140212102834 |3 Cover |7 1 |
| 856 | 4 | 2 | |u http://scans.hebis.de/HEBCGI/show.pl?00915292_cov.jpg |m V:DE-576;X:springer |q image/jpeg |3 Cover |7 1 |
| 889 | |w (DE-627)255482833 | ||
| 889 | |w (DE-627)274025663 | ||
| 935 | |i Blocktest | ||
| 935 | |h HEB |i 0501 | ||
| 935 | |h HEB |i 0503 | ||
| 936 | r | v | |a QV 220 |b Allgemeines |k Wirtschaftswissenschaften |k Arbeitnehmerfragen (Labor Economics) |k Zusammensetzung der Arbeiterschaft |k Allgemeines |0 (DE-627)1271480743 |0 (DE-625)rvk/142141: |0 (DE-576)201480743 |
| 936 | r | v | |a MS 5300 |b Einzelne Berufsgruppen |k Soziologie |k Spezielle Soziologien |k Wirtschafts-, Industrie- und Techniksoziologie |k Einzelne Berufsgruppen |0 (DE-627)1271441276 |0 (DE-625)rvk/123723: |0 (DE-576)201441276 |
| 936 | r | v | |a MS 2600 |b Erwachsenensoziologie, Biografie, Lebensverlauf, Lebensverlaufsforschung |k Soziologie |k Spezielle Soziologien |k Erwachsenensoziologie, Biografie, Lebensverlauf, Lebensverlaufsforschung |0 (DE-627)1271441020 |0 (DE-625)rvk/123641: |0 (DE-576)201441020 |
| 936 | r | v | |a QV 226 |b Einzelne Berufe |k Wirtschaftswissenschaften |k Arbeitnehmerfragen (Labor Economics) |k Zusammensetzung der Arbeiterschaft |k Einzelne Berufe |0 (DE-627)1271142430 |0 (DE-625)rvk/142144: |0 (DE-576)201142430 |
| 936 | r | v | |a MS 5350 |b Arbeiterbewegung und Arbeitslosigkeit |k Soziologie |k Spezielle Soziologien |k Wirtschafts-, Industrie- und Techniksoziologie |k Arbeiterbewegung und Arbeitslosigkeit |0 (DE-627)1270883704 |0 (DE-625)rvk/123724: |0 (DE-576)200883704 |
| 936 | b | k | |a 81.24 |j Bildung und Beruf |0 (DE-627)106416235 |
| 936 | s | n | |a m200 |2 mzub |
| 936 | s | n | |a q100 |2 mzub |
| 936 | s | n | |a d100 |2 mzub |
| 951 | |a BO | ||
| ELC | |b 1 | ||
| LOK | |0 000 xxxxxcx a22 zn 4500 | ||
| LOK | |0 001 3259410872 | ||
| LOK | |0 003 DE-627 | ||
| LOK | |0 004 024900028 | ||
| LOK | |0 005 20180516083602 | ||
| LOK | |0 008 180516||||||||||||||||ger||||||| | ||
| LOK | |0 040 |a DE-21-110 |c DE-627 |d DE-21-110 | ||
| LOK | |0 689 |a s |a Akademiker | ||
| LOK | |0 852 |z Kein Bestand am IfK; Nachweis für KrimDok | ||
| LOK | |0 852 |a DE-21-110 | ||
| LOK | |0 852 1 |m v |9 00 | ||
| LOK | |0 938 |k v | ||
| LOK | |0 939 |a 16-05-18 |b l01 | ||
| ORI | |a SA-MARC-krimdoka001.raw | ||
| TIM | |a 100019490523_100019901002 |b 1949-05-23 - 1990-10-02 | ||
